000 00353nam a2200157Ia 4500
008 210210b xxu||||| |||| 00| 0 eng d
041 _aeng
082 _a822/941
100 _aPASCAL (E)
245 _aSelected thoughts
260 _aLondon
_bNot Mentioned
_c
650 _athoughts
650 _aSelected
690 _aEnglish Prose
906 _a013124
999 _c131969
_d131969